1341 1770 1722 1247 1808 1064 1236 1648 1136 1078 1810 1184 1616 1747 1907 1525 1250 1257 1479 1980 1954 1067 1000 1808 1385 1730 1510 1856 1882 1521 1668 1034 1341 1891 1798 1107 1914 1940 1890 1051 1633 1469 1696 1268 1927 1365 1836 1513 1693 1998 1273 1241 1279 1101 1929 1444 1935 1705 1238 1207 1763 1759 1974 1777 1676 1158 1880 1136 1581 1327 1391 1072 1685 1956 1750 1086 1737 1112 1118 1377 1664 1743 1935 1702 1117 1025 1801 1834 1875 1408 1953 1138 1340 1400 1139 1251 1313 1346 1873 BCNSPRNW ULIB Ver.6.0+V

เปลี่ยนเป็นภาษาไทย

Change to English
 แสดงรายละเอียดบรรณานุกรม
  กลับหน้าหลัก

Brief Record : Get Marc (ISO 2709) : E-mail record : QR code < ปิดหน้าต่าง
LEADER : 00000nam 2200000uu 4500
001    13399125516
003     ULIB
008    170621s2558||||th 000 0 tha d
020    ^a9786169245100
060 04 ^aWL368^bก728ป
245 00 ^aประสาทศัลยศาสตร์ปริทัศน์ =^bNeurosurgical review /^cบรรณาธิการ,กุลพัฒน์ วีรสาร
246 31 ^aNeurosurgical review
250    ^aพิมพ์ครั้งที่ 1
260    ^aกรุงเทพฯ :^bราชวิทยาลัยประสาทศัลยแพทย์แห่งประเทศไทย,^c2558
300    ^a200 หน้า :^bภาพประกอบ ;^c21 ซม.
505 0  ^aPituitary Apoplexy ... Manament of Closed Head Injury ... Emergency Treatment of Brain Tumor ... Brain Death Declaration & Pitfall ... Brain Abcess ... Subdural Empyema ... ภาวะเลือดออกในไขสันหลัง (Spinal Cord Hematoma or Hematomyelia) ... Acute Interrention of Lumpar Disc Disease ... Penetrating Brain Injury ... Approach to Coma
650  2 ^aNeurosurgery
650  7 ^aประสาทศัลยศาสตร์
700 0  ^aกุลพัฒน์ วีรสาร,^eบรรณาธิการ
710 2  ^aราชวิทยาลัยประสาทศัลยแพทย์แห่งประเทศไทย
856    ^a^zTable of Contents (Content)^uhttp://118.174.31.60:80/ULIB//_fulltext/Content/129208/20161018094822_1655.pdf
945    ^p0^l0^i002351
945    ^p0^l0^i002352
945    ^p0^l0^i002353
999    ^aวรรณษา ชูชัยมงคล
รายการนี้ยังไม่มีแท็ก
คุณยังไม่ได้ล็อกอิน คุณสามารถมีกิจกรรมร่วมกับเว็บไซต์ได้ แต่ต้องล็อกอินก่อน ::
  ล็อกอิน

รายการสื่อสารสนเทศ

ลำดับที่ ประเภท เลขเรียก/บาร์โค้ด สถานที่ สถานะ
1. วิทยาศาสตร์การแพทย์ และสุขภาพ
วิทยาศาสตร์การแพทย์ และสุขภาพ
สถานะ=หนังสือเก่า
WL368 ก728ป ฉ.1 
  Barcode: 002351
ห้องสมุดวิทยาเขตสวรรค์ประชารักษ์
►ส่วนจัดเก็บหนังสือเก่า สปร
บนชั้น
  ขอยืม
2. วิทยาศาสตร์การแพทย์ และสุขภาพ
วิทยาศาสตร์การแพทย์ และสุขภาพ
WL368 ก728ป ฉ.2 
  Barcode: 002352
ห้องสมุดวิทยาเขตสวรรค์ประชารักษ์
►หนังสือทั่วไป
บนชั้น
3. วิทยาศาสตร์การแพทย์ และสุขภาพ
วิทยาศาสตร์การแพทย์ และสุขภาพ
WL368 ก728ป ฉ.3 
  Barcode: 002353
ห้องสมุดวิทยาเขตสวรรค์ประชารักษ์
►หนังสือทั่วไป
บนชั้น

BibComment


ยังไม่เคยถูกคอมเมนท์

คอมเมนท์ทรัพยากรรายการนี้
  คอมเมนท์: ประสาทศัลยศาสตร์..


 Copyright 2026. Bcnsprnw @Library